Statistics for Christmas Songs First Lines by Letter

Click here to take the quiz!

General Stats

  • This quiz has been taken 682 times
    (646 since last reset)
  • The average score is 10 of 26

Answer Stats

HintAnswer% Correct
JBJBJBRJingle Bell Rock
78%
DTSIAOHOSOTFWGLATWJingle Bells
66%
DTHWBOHFLLLLLLLLDeck The Halls
64%
SNHNAICAIBSilent Night
63%
OHNTSABSO Holy Night
53%
JTTWTLICLERHKJoy To The World
49%
YKDADAPAVCACADABRudolph the Red-Nosed Reindeer
47%
OCAYFJATOCYOCYTBO Come All Ye Faithful
43%
HTHASGTTNKHark! The Herald Angels Sing!
42%
YBWOYBNCYBWOITYWSanta Claus is Coming to Town
40%
IDOAWCJLTOIUTKWhite Christmas
39%
AIWFCIMTFTAll I Want For Christmas (is my Two Front Teeth)
38%
WWYAMCWWYAMCWe Wish You A Merry Christmas
38%
OTFDOCMTLGTMAPIAPT12 Days of Christmas
37%
AIAMNCFABAway in a Manger
35%
SBRAYLITLSIGWinter Wonderland
34%
TFNTADSWTCPSIFATLThe First Noel
32%
OCTOCTHLAYBO Christmas Tree
27%
TWOIFBTFISDSWNPTGLISLISLISLet It Snow
23%
CROAOFJFNAYNChristmas Song
22%
JHTSBRTTTTCOILWFASRTWYSleigh Ride
22%
UOTHRPOJGOSCUp On The Housetop
21%
CSBSDIHSSilver Bells
20%
IBHFCYCCOMI'll Be Home For Christmas
17%
ITMWTOTYIt's The Most Wonderful Time Of The Year
14%
HCSCHCSCRDSCLHere Comes Santa Claus
13%

Score Distribution

Percentile by Number Answered

Percent of People with Each Score

Your Score History

You have not taken this quiz since the last reset